Vplyvy menových politík na vývoj ekonomického prostredia

Koncepčný pohľad na vplyv menových politík. Vplyv menovej politiky na verejné financie. Dynamika vývoja verejného dlhu vo vybraných krajinách v percentách HDP (1997-2016). Vplyv menovej politiky na vývoj cien. Vplyv menovej politiky na vývoj akciových trhov. Vplyv menovej politiky FEDu na firemný se...

Ausführliche Beschreibung

Gespeichert in:
Bibliographische Detailangaben
1. Verfasser: Bikár, Miloš, 1973-
Format: Buchkapitel
Sprache:Slowakisch
Schlagworte:
Tags: Tag hinzufügen
Keine Tags, Fügen Sie das erste Tag hinzu!

MARC

LEADER 00000nla a2200000 4500
001 0223507
005 20240502073645.8
041 0 |a slo 
044 |a SK 
245 1 0 |a Vplyvy menových politík na vývoj ekonomického prostredia  |c Miloš Bikár 
520 |a Koncepčný pohľad na vplyv menových politík. Vplyv menovej politiky na verejné financie. Dynamika vývoja verejného dlhu vo vybraných krajinách v percentách HDP (1997-2016). Vplyv menovej politiky na vývoj cien. Vplyv menovej politiky na vývoj akciových trhov. Vplyv menovej politiky FEDu na firemný sektor. Vplyv menovej politiky na vývoj hlavných menových párov. 
610 2 0 |a politika menová 
610 2 0 |a mena 
610 2 0 |a trh devízový 
610 2 0 |a banky centrálne 
610 2 0 |a dlhy verejné 
610 2 0 |a financie verejné 
610 2 0 |a akcie 
610 2 0 |a svet 
100 1 |a Bikár, Miloš, 1973-